Multiple Choice City Quiz – Girona - Statistics

General Stats
  • This quiz has been taken 164 times
  • The average score is 5 of 10
Answer Stats
Question Answer % Correct
Which famous TV series used Girona as a filming location? Game of Thrones
76%
Which of these languages is most commonly spoken in Girona, besides Spanish? Catalan
73%
Which European ruler captured the city of Girona in 785? Charlemagne
71%
What is the main theme of the festival held each year in May in Girona since 1954? Flowers
51%
Which famous Spanish politicias was the mayor of Girona between 2011 and 2016? Carles Puigdemont
41%
What are you eating if you are trying a xuixo? A sugar-coated cylindrical viennoiserie pastry filled with crema
37%
Which river runs through Girona? Ter
34%
Which of these ramparts are those of Girona?
31%
What is the name of Girona’s historic Jewish quarter? El Call
29%
Why is the patron saint of Girona known as "the saint of the flies"? Flies would have chased away invaders after his relics were disturbed
21%
No matching quizzes found
Score Distribution
Percent of People with Each Score
Percentile by Number Answered
Your Score History
You have not taken this quiz